000 01199nam a22002297a 4500
999 _c63575
_d63575
003 Ge_BSU
005 20251103201626.0
008 251103s2004 ge ||||| |||| 00| 0 geo d
020 _a9994075675
041 _ageo
080 _a330.8 ჰ-40
100 _aჰეინე, პოლ
_925374
245 _aაზროვნების ეკონომიკური წესი /
_cპოლ ჰეინე; [მთარგმნ.: რუსუდან გოცირიძე; რედ.: ზაურ ჩქვანავა, ნოდარ მანჩხაშვილი].
264 _aთბ. :
_bმარჯი,
_c2004.
300 _a497გვ. :
_bნახ., ცხრ. ;
_c29 სმ.
653 _aეკონომიკური თეორიები
653 _aეკონომიკური აზრის ისტორია
700 _aჩქვანავა, ზაურ
_eრედაქტორი
_926151
700 _aმანჩხაშვილი, ნოდარ
_e რედაქტორი
_9394
700 _aგოცირიძე, რუსუდან
_eმთარგმნელი
_926152
942 _2udc
_cᲬᲘᲒᲜᲘ